000 00372nam a2200145Ia 4500
008 150201s2014 xx 000 0 und d
082 _a614.88
_bF14G
100 _aGAUTTAM, VIJAY KUMAR
245 _aFIRST AID PERSONAL & ENVIRONMENTAL HYGIENE FOR NURSES
250 _a1ST
260 _bKUMAR PUB.
_aDELHI
_c2014
300 _a140
650 _aFIRST AID
942 _2ddc
_cBK
999 _c2360
_d2360